Design of experiments for engineers and scientists

Saved in:
Bibliographic Details
Main Author Antony, Jiju (Author)
Format Electronic eBook
LanguageEnglish
Published Amsterdam : Elsevier, [2023]
EditionThird edition.
Subjects
Online AccessFull text
ISBN9780443151743
9780443151736
Physical Description1 online zdroj

Cover

LEADER 00000nam a2200000 i 4500
001 115507
003 CZ-ZlUTB
005 20260416150146.0
006 m o d
007 cr |n|||||||||
008 230607s2023 ne o 0|| 0 eng d
040 |a EBZ  |b eng  |c EBZ  |e rda 
020 |a 9780443151743  |q (electronic bk.) 
020 |z 9780443151736 
100 1 |a Antony, Jiju  |e author. 
245 1 0 |a Design of experiments for engineers and scientists /  |c Jiju Antony. 
250 |a Third edition. 
264 1 |a Amsterdam :  |b Elsevier,  |c [2023] 
300 |a 1 online zdroj 
336 |a text  |b txt  |2 rdacontent 
337 |a počítač  |b c  |2 rdamedia 
338 |a online zdroj  |b cr  |2 rdacarrier 
506 |a Plný text je dostupný pouze z IP adres počítačů Univerzity Tomáše Bati ve Zlíně nebo vzdáleným přístupem pro zaměstnance a studenty 
650 0 |a Experimental design. 
650 0 |a Research, Industrial. 
655 7 |a elektronické knihy  |7 fd186907  |2 czenas 
655 9 |a electronic books  |2 eczenas 
776 0 8 |i Print version:  |z 0443151733  |z 9780443151736 
856 4 0 |u https://search.ebscohost.com/login.aspx?direct=true&scope=site&db=nlebk&db=nlabk&AN=3517237&authtype=ip,shib&custid=s3936755 
992 |c EBOOK-TN  |c EBSCO 
993 |x NEPOSILAT  |y EIZ 
999 |c 115507  |d 115507